Catalogue de la Bibliothèque de l'ENSA

La nutrition en Algérie, 1988 (notice nᵒ 4845)

détails MARC
000 -LEADER
fixed length control field 00740nam a2200229Ia 4500
008 - FIXED-LENGTH DATA ELEMENTS--GENERAL INFORMATION
fixed length control field 160105s9999 xx 000 0 und d
041 ## - LANGUAGE CODE
Language code of text/sound track or separate title fre
110 ## - MAIN ENTRY--CORPORATE NAME
Corporate name or jurisdiction name as entry element Office national des statistiques
111 ## - MAIN ENTRY--MEETING NAME
Meeting name or jurisdiction name as entry element Mission sur la nutrition en Algérie
111 ## - MAIN ENTRY--MEETING NAME
Location of meeting Alger
111 ## - MAIN ENTRY--MEETING NAME
Date of meeting 27/06/1992-16/07/1992
245 ## - TITLE STATEMENT
Title La nutrition en Algérie, 1988
260 ## - PUBLICATION, DISTRIBUTION, ETC.
Place of publication, distribution, etc Alger
260 ## - PUBLICATION, DISTRIBUTION, ETC.
Name of publisher, distributor, etc ONS
260 ## - PUBLICATION, DISTRIBUTION, ETC.
Date of publication, distribution, etc 1992
500 ## - GENERAL NOTE
General note Cote d'origine affectée par la BC : BC_1361 14 devient TA_4535 , inter.:
653 ## - INDEX TERM--UNCONTROLLED
Uncontrolled term ANALYSE STATISTIQUE
654 ## - SUBJECT ADDED ENTRY--FACETED TOPICAL TERM
General subdivision ALIMENTATION HUMAINE/CONSOMMATION ALIMENTAIRE/BESOIN NUTRITIONNEL/EVALUATION/PRODUIT ALIMENTAIRE/APPORT ALIMENTAIRE RECOMMANDE/ALGERIE
942 ## - ADDED ENTRY ELEMENTS (KOHA)
Koha item type Actes de Congrès
994 ## -
-- 104886
Exemplaires
Withdrawn status Lost status Damaged status Use restrictions Not for loan Home library Current library Cost, normal purchase price Shelving control number Total Checkouts Total Renewals Total Holds Full call number Barcode Cost, replacement price Koha item type
          Département de Technologie Alimentaire Département de Technologie Alimentaire 0.00         TA_4535 TA_4535 0.00 Actes de Congrès

Adresse: Ecole Nationale Supérieure Agronomique Hassen Badi - El Harrach Alger, Algérie

Tél +213 (0) 23 82 85 07+213 (0) 23 82 85 12 Fax +213 23 82 85 03/04 Courriel: bibliotheque@edu.ensa.dz